<?xml version="1.0" encoding="UTF-8"?><?xml-stylesheet type="text/xsl" href="static/style.xsl"?><OAI-PMH xmlns="http://www.openarchives.org/OAI/2.0/" xmlns:xsi="http://www.w3.org/2001/XMLSchema-instance" xsi:schemaLocation="http://www.openarchives.org/OAI/2.0/ http://www.openarchives.org/OAI/2.0/OAI-PMH.xsd"><responseDate>2026-04-27T12:33:52Z</responseDate><request verb="GetRecord" identifier="oai:uvadoc.uva.es:10324/73281" metadataPrefix="marc">https://uvadoc.uva.es/oai/request</request><GetRecord><record><header><identifier>oai:uvadoc.uva.es:10324/73281</identifier><datestamp>2025-09-24T08:33:48Z</datestamp><setSpec>com_10324_1134</setSpec><setSpec>com_10324_931</setSpec><setSpec>com_10324_894</setSpec><setSpec>col_10324_1213</setSpec></header><metadata><record xmlns="http://www.loc.gov/MARC21/slim" xmlns:doc="http://www.lyncode.com/xoai" xmlns:xsi="http://www.w3.org/2001/XMLSchema-instance" xmlns:dcterms="http://purl.org/dc/terms/" xsi:schemaLocation="http://www.loc.gov/MARC21/slim http://www.loc.gov/standards/marcxml/schema/MARC21slim.xsd">
<leader>00925njm 22002777a 4500</leader>
<datafield tag="042" ind1=" " ind2=" ">
<subfield code="a">dc</subfield>
</datafield>
<datafield tag="720" ind1=" " ind2=" ">
<subfield code="a">Velázquez Pérez, Carolina</subfield>
<subfield code="e">author</subfield>
</datafield>
<datafield tag="720" ind1=" " ind2=" ">
<subfield code="a">Esteban Cardeñosa, Eva</subfield>
<subfield code="e">author</subfield>
</datafield>
<datafield tag="720" ind1=" " ind2=" ">
<subfield code="a">Lastra, Enrique</subfield>
<subfield code="e">author</subfield>
</datafield>
<datafield tag="720" ind1=" " ind2=" ">
<subfield code="a">Abella, Luis Enrique</subfield>
<subfield code="e">author</subfield>
</datafield>
<datafield tag="720" ind1=" " ind2=" ">
<subfield code="a">de la Cruz, Virginia</subfield>
<subfield code="e">author</subfield>
</datafield>
<datafield tag="720" ind1=" " ind2=" ">
<subfield code="a">Domínguez Lobatón, María Carmen</subfield>
<subfield code="e">author</subfield>
</datafield>
<datafield tag="720" ind1=" " ind2=" ">
<subfield code="a">Duran Dominguez, María Mercedes</subfield>
<subfield code="e">author</subfield>
</datafield>
<datafield tag="720" ind1=" " ind2=" ">
<subfield code="a">Infante Sanz, María Del Mar</subfield>
<subfield code="e">author</subfield>
</datafield>
<datafield tag="260" ind1=" " ind2=" ">
<subfield code="c">2019</subfield>
</datafield>
<datafield tag="520" ind1=" " ind2=" ">
<subfield code="a">BRIP1 is a component of the Fanconi Anemia/BRCA pathway responsible for DNA reparation via helicase activity. Some heterozygous variants in BRIP1 could contribute to Hereditary Breast Cancer through a defective DNA repair. The clinical utility of BRIP1 mutations in a familial cancer context is compromised by the conflicting interpretation of “variants of uncertain significance” (VUS). Defining the clinical significance of variants identified in genetic tests is a major challenge; therefore, studies that evaluate the biological effect of these variants are definitely necessary. To contribute to this purpose, we have characterized the variant c.550G>T of BRIP1, a missense mutation with little evidence about its pathogenicity. Since Human Splicing FinderTM predicts the creation of a new exonic splicing enhancer site we decided to perform cDNA analysis revealing that the c.550G>T mutation located in exon 6 led to an aberrant transcript causing exon 5 skipping. Our results demonstrate that the c.550G>T BRIP1 variant disrupts normal splicing, causing exon 5 skipping. Considering that the exon 5 encodes the helicase domain of BRIP1, it is expected an alteration of the function. This finding enhances the interpretation of this VUS, suggesting a potential pathogenic effect.</subfield>
</datafield>
<datafield tag="024" ind2=" " ind1="8">
<subfield code="a">Molecular Carcinogenesis,2019 Jan;58(1):156-160</subfield>
</datafield>
<datafield tag="024" ind2=" " ind1="8">
<subfield code="a">0899-1987</subfield>
</datafield>
<datafield tag="024" ind2=" " ind1="8">
<subfield code="a">https://uvadoc.uva.es/handle/10324/73281</subfield>
</datafield>
<datafield tag="024" ind2=" " ind1="8">
<subfield code="a">10.1002/mc.22910</subfield>
</datafield>
<datafield tag="024" ind2=" " ind1="8">
<subfield code="a">156</subfield>
</datafield>
<datafield tag="024" ind2=" " ind1="8">
<subfield code="a">1</subfield>
</datafield>
<datafield tag="024" ind2=" " ind1="8">
<subfield code="a">160</subfield>
</datafield>
<datafield tag="024" ind2=" " ind1="8">
<subfield code="a">Molecular Carcinogenesis</subfield>
</datafield>
<datafield tag="024" ind2=" " ind1="8">
<subfield code="a">58</subfield>
</datafield>
<datafield tag="024" ind2=" " ind1="8">
<subfield code="a">1098-2744</subfield>
</datafield>
<datafield tag="245" ind1="0" ind2="0">
<subfield code="a">Unraveling the molecular effect of a rare missense mutation in BRIP1 associated with inherited breast cancer</subfield>
</datafield>
</record></metadata></record></GetRecord></OAI-PMH>